| 000 | 00631nam a2200277Ia 4500 | ||
|---|---|---|---|
| 001 | Z_4014 | ||
| 003 | CHAP | ||
| 008 | 220113s1982 xx 000 0 und d | ||
| 010 | _a167074 | ||
| 020 | _a84-282-0673-2 | ||
| 040 | _cCHAP | ||
| 082 | _a574.5 P53y | ||
| 100 |
_aPianka, Eric R _987940 |
||
| 245 |
_aEcología evolutiva / _cpor Eric R Pianka |
||
| 260 |
_aBarcelona : _bOmega, _c1982 |
||
| 300 | _ax, 365 p. | ||
| 503 | _a136638 | ||
| 650 |
_aEcología _935134 |
||
| 650 |
_aEvoluación I. t _9141262 |
||
| 901 | _a574.5 P53Y | ||
| 902 | _aM | ||
| 910 | _a1982 | ||
| 942 | _c1 | ||
| 942 | _cc1 | ||
| 999 |
_c167074 _d167074 |
||